| 000 | 00343nam a22001457a 4500 | ||
|---|---|---|---|
| 003 | SGT | ||
| 082 |
_a616.01 _bO26S |
||
| 100 | _aSASTRY, APURBA S. | ||
| 245 | _aONE STAP RESOURCE FOR ALL YOUR EXAM NEEDS IN MICROBIOLOGY | ||
| 250 | _a1ST | ||
| 260 |
_aINDIA _bJAYPEE PUB _c2026 |
||
| 300 | _a163 | ||
| 650 | _aMICROBIOLOGY | ||
| 942 |
_2ddc _cBK |
||
| 999 |
_c34287 _d34287 |
||